[Event "Frankfurt Ch 2009"]
[Site "Ffm-Kalbach, LAZ"]
[Date "2009.05.18"]
[Round "4.30"]
[White "Fischer, Ulrich"]
[Black "Orwatsch, Gerhard"]
[Result "1-0"]
[WhiteElo "1672"]
[BlackElo "2080"]
[PlyCount "51"]
[EventDate "2009.??.??"]
[WhiteTeam "Frankfurter TV 1860"]
[BlackTeam "SK 1858 Gießen"]

1. e4 a6 2. d4 b5 3. Bd3 Bb7 4. Nf3 e6 5. O-O Nf6 6. Re1 Be7 7. a3 O-O 8. Nc3
c5 9. e5 Nd5 10. Nxd5 Bxd5 11. dxc5 Bxc5 12. Qe2 f6 13. Be3 Be7 14. c4 bxc4 15.
Bxc4 Bb7 16. Rad1 Qc7 17. exf6 Bxf6 18. Bd4 Bxf3 19. gxf3 Kh8 20. Bxf6 Rxf6 21.
Qe4 Nc6 22. Bd5 Rf4 23. Qe3 Raf8 24. Bxc6 Qxc6 25. Rc1 Qb5 26. Qxf4 1-0

[Event "Frankfurt Ch 2009"]
[Site "Ffm-Kalbach, LAZ"]
[Date "2009.05.18"]
[Round "4.31"]
[White "Ochmann, Reimund"]
[Black "Tews, Artur"]
[Result "0-1"]
[WhiteElo "2119"]
[BlackElo "1729"]
[PlyCount "150"]
[EventDate "2009.??.??"]
[WhiteTeam "SK Langen"]
[BlackTeam "Bad Vilbeler Sfr.1985"]

1. d4 e6 2. c4 Nf6 3. Nf3 Be7 4. Nc3 O-O 5. e4 d5 6. e5 Ne8 7. Bd3 f5 8. cxd5
exd5 9. O-O Be6 10. Qb3 b6 11. Ne2 c6 12. Be3 g5 13. Rac1 f4 14. Bd2 Ng7 15.
Ne1 Qe8 16. a4 c5 17. dxc5 bxc5 18. Bb1 Nd7 19. Qd3 Qh5 20. Nc3 Nxe5 21. Qe2
Qxe2 22. Nxe2 Nc4 23. Bc3 d4 24. b3 Na3 25. Ba1 Nxb1 26. Rxb1 Bf5 27. Rd1 Rab8
28. Nc1 Rfc8 29. Ned3 Bf6 30. Nb2 Bc2 31. Rd2 Bxb3 32. Nxb3 Rxb3 33. Nc4 Rb4
34. Nd6 Rc6 35. Ne4 Rxa4 36. f3 Nf5 37. Rc1 Kf7 38. Bb2 Be7 39. g4 fxg3 40.
hxg3 c4 41. Bxd4 Nxd4 42. Rxd4 Bc5 43. Nxc5 Rxc5 44. Kf2 Ra2+ 45. Ke3 Re5+ 46.
Re4 Ra3+ 47. Kd4 Rxe4+ 48. Kxe4 c3 49. Rc2 a5 50. Kd4 h5 51. Kd3 a4 52. Kc4 Rb3
53. Rf2 c2 54. Rxc2 Rxf3 55. Rg2 Kf6 56. Kb4 a3 57. Rh2 Kg6 58. g4 hxg4 59. Rg2
Kf5 60. Rc2 g3 61. Rd2 Kg4 62. Rg2 Rf2 63. Rg1 a2 64. Kb3 Kf3 65. Rc1 Kg2 66.
Ra1 Kh2 67. Rd1 g2 68. Rd6 g1=Q 69. Rh6+ Kg2 70. Kc4 Rf4+ 71. Kd5 Qd4+ 72. Ke6
Qe3+ 73. Kd7 Rd4+ 74. Kc7 Qc3+ 75. Kb6 Rb4+ 0-1

[Event "Frankfurt Ch 2009"]
[Site "Ffm-Kalbach, LAZ"]
[Date "2009.05.18"]
[Round "4.32"]
[White "Schöne, Matthias"]
[Black "Aadland, Hans Joachim"]
[Result "0-1"]
[WhiteElo "2035"]
[BlackElo "1493"]
[PlyCount "66"]
[EventDate "2009.??.??"]
[WhiteTeam "SC Bad Nauheim"]
[BlackTeam "SC Bergen-Enkheim 1922"]

1. e4 c5 2. c3 Nf6 3. e5 Nd5 4. d4 cxd4 5. Nf3 Nc6 6. Bc4 Nb6 7. Bb3 d5 8. exd6
Qxd6 9. O-O Be6 10. Bxe6 Qxe6 11. Nxd4 Nxd4 12. Qxd4 Rd8 13. Qh4 Qe2 14. Be3
Qxb2 15. Nd2 Rxd2 16. Rab1 Qxc3 17. Bxd2 Qxd2 18. a4 Qa5 19. Rfd1 f6 20. Qe4
Kf7 21. Qxb7 g6 22. Re1 Qxa4 23. h4 Qxh4 24. Qxa7 Nc8 25. Qd7 Nd6 26. g3 Qg5
27. Rb8 Nf5 28. Qe8+ Kg7 29. Re4 h5 30. Kg2 h4 31. g4 h3+ 32. Kh1 Qc1+ 33. Kh2
Qf1 0-1

[Event "Frankfurt Ch 2009"]
[Site "Ffm-Kalbach, LAZ"]
[Date "2009.05.18"]
[Round "4.33"]
[White "Krischak, Werner"]
[Black "Krüger, Till"]
[Result "0-1"]
[WhiteElo "1627"]
[BlackElo "2063"]
[PlyCount "70"]
[EventDate "2009.??.??"]
[WhiteTeam "SK Marburg 1931/72"]
[BlackTeam "SC Nidderau"]

1. d4 Nf6 2. c4 g6 3. Nc3 Bg7 4. e4 d6 5. Nf3 O-O 6. Be2 e5 7. O-O c6 8. Bg5
Qc7 9. d5 h6 10. Bd2 Na6 11. a3 Nc5 12. Qc2 a5 13. b4 axb4 14. axb4 Rxa1 15.
Rxa1 Na6 16. Qb1 cxd5 17. cxd5 Nh5 18. Nb5 Qd8 19. Ra3 f5 20. Bd3 Nf4 21. Bxf4
exf4 22. exf5 Bxf5 23. Nbd4 Bxd4 24. Nxd4 Bxd3 25. Qxd3 Qf6 26. Rb3 Rc8 27. Ne2
Kf7 28. Rb1 Re8 29. h3 Qe5 30. Nc3 Re7 31. Kf1 Nxb4 32. Qd2 Na6 33. Ne2 g5 34.
Ng1 Qe4 35. Nf3 Qxb1+ 0-1

[Event "Frankfurt Ch 2009"]
[Site "Ffm-Kalbach, LAZ"]
[Date "2009.05.18"]
[Round "4.34"]
[White "Escher, Helmut"]
[Black "Zimmer, Gerald"]
[Result "1-0"]
[WhiteElo "2127"]
[BlackElo "1772"]
[PlyCount "105"]
[EventDate "2009.??.??"]
[WhiteTeam "SV Oberursel"]
[BlackTeam "SC Bergen-Enkheim 1922"]

1. Nf3 Nf6 2. d4 e6 3. Bf4 b6 4. e3 Bb7 5. Bd3 c5 6. c3 Be7 7. Nbd2 d5 8. Ne5
Nbd7 9. Ndf3 O-O 10. h3 Nxe5 11. Nxe5 Bd6 12. Bg5 Be7 13. h4 h6 14. Bxf6 Bxf6
15. Qh5 Bxe5 16. dxe5 f5 17. O-O-O Qe8 18. Qe2 Qa4 19. Kb1 Qg4 20. f3 Qg3 21.
f4 Rad8 22. Rh3 Qg4 23. Qxg4 fxg4 24. Rg3 Bc6 25. Rxg4 Be8 26. Bg6 Bb5 27. Rg3
d4 28. cxd4 cxd4 29. Rxd4 Rxd4 30. exd4 Rxf4 31. Rc3 Bd7 32. Rc7 Rxd4 33. Rxa7
Kf8 34. h5 Rd5 35. Ra8+ Ke7 36. Rg8 Rxe5 37. Rxg7+ Kd6 38. Rh7 Re1+ 39. Kc2
Re2+ 40. Kb3 Rxg2 41. Rxh6 Rg3+ 42. Kb4 Rg4+ 43. Ka3 Ra4+ 44. Kb3 Rh4 45. Rh8
Rh3+ 46. Kb4 Rh4+ 47. Ka3 Ke5 48. h6 Kf6 49. Bc2 Rh3+ 50. b3 e5 51. h7 Bb5 52.
Rf8+ Kg7 53. Rg8+ 1-0

[Event "Frankfurt Ch 2009"]
[Site "Ffm-Kalbach, LAZ"]
[Date "2009.05.18"]
[Round "4.35"]
[White "Kreiling, Carsten"]
[Black "Budde, Michael"]
[Result "1-0"]
[WhiteElo "2114"]
[BlackElo "1728"]
[PlyCount "81"]
[EventDate "2009.??.??"]
[WhiteTeam "SVG Eppstein 1932"]
[BlackTeam "SC 1979 Hattersheim"]

1. d4 g6 2. e4 Bg7 3. c4 d6 4. Nc3 Nf6 5. f3 O-O 6. Be3 Nbd7 7. Nh3 c5 8. d5
Ne8 9. Qd2 Ne5 10. Nf2 f5 11. Be2 Nf6 12. O-O Bd7 13. b3 a6 14. f4 Nf7 15. e5
dxe5 16. fxe5 Nxe5 17. Bxc5 Rc8 18. Bd4 Qc7 19. Rad1 f4 20. Nce4 Nfg4 21. Nxg4
Nxg4 22. Bxg4 Bxd4+ 23. Qxd4 Bxg4 24. Rde1 f3 25. Ng5 Rf4 26. Qe3 Rcf8 27. Nxf3
R8f7 28. Ne5 Rxf1+ 29. Rxf1 Rxf1+ 30. Kxf1 Bf5 31. Qf4 Qd6 32. h3 Qf6 33. Kg1
Bb1 34. Qxf6 exf6 35. d6 Kf8 36. Nd7+ Kf7 37. Nc5 Bxa2 38. Nxb7 Bxb3 39. c5 Ke6
40. c6 Ba4 41. d7 1-0

[Event "Frankfurt Ch 2009"]
[Site "Ffm-Kalbach, LAZ"]
[Date "2009.05.18"]
[Round "4.37"]
[White "Wolff, Juergen"]
[Black "Biegel, Thomas"]
[Result "1/2-1/2"]
[WhiteElo "1693"]
[BlackElo "2017"]
[PlyCount "72"]
[EventDate "2009.??.??"]
[WhiteTeam "SC 1933 Somborn"]
[BlackTeam "SC Eschborn 1974"]

1. e4 c6 2. d4 d5 3. Nc3 g6 4. Nf3 Bg7 5. h3 dxe4 6. Nxe4 Nd7 7. Bd3 Ngf6 8.
Nxf6+ Nxf6 9. O-O O-O 10. Re1 Qc7 11. Bg5 c5 12. c3 b6 13. Qd2 Bb7 14. Bh6 Bxf3
15. Bxg7 Kxg7 16. gxf3 cxd4 17. cxd4 Qd7 18. Bf1 Rfd8 19. Rad1 Rac8 20. Rc1
Rxc1 21. Qxc1 e6 22. Rd1 Qd5 23. Rd3 Qxa2 24. Ra3 Qd5 25. Rxa7 Qxd4 26. Qe3
Qxb2 27. Qxe6 Rf8 28. Bc4 Qc1+ 29. Kg2 Qg5+ 30. Kf1 b5 31. Rxf7+ Rxf7 32. Qxf7+
Kh6 33. Qf8+ Kh5 34. Be6 Qc1+ 35. Kg2 Qg5+ 36. Kf1 Qc1+ 1/2-1/2

[Event "Frankfurt Ch 2009"]
[Site "Ffm-Kalbach, LAZ"]
[Date "2009.05.18"]
[Round "4.38"]
[White "Pauly, Markus"]
[Black "Nagel, Norbert"]
[Result "1/2-1/2"]
[WhiteElo "1883"]
[BlackElo "1715"]
[PlyCount "42"]
[EventDate "2009.??.??"]
[WhiteTeam "Köspr.Bernkastel"]
[BlackTeam "SC Bad Nauheim"]

1. c4 Nf6 2. Nc3 g6 3. e4 d6 4. g3 Bg7 5. Bg2 O-O 6. Nge2 c6 7. O-O Be6 8. d3
Qc8 9. Rb1 Bh3 10. b4 Bxg2 11. Kxg2 Nbd7 12. h3 Rb8 13. Be3 a6 14. Qd2 b5 15.
cxb5 axb5 16. Rbc1 Qb7 17. f3 Rfc8 18. d4 Nb6 19. Rc2 Nc4 20. Qc1 Ra8 21. Nb1
Nd7 1/2-1/2

[Event "Frankfurt Ch 2009"]
[Site "Ffm-Kalbach, LAZ"]
[Date "2009.05.18"]
[Round "4.39"]
[White "Rehn, Hans Peter"]
[Black "Funkschmidt, Kai"]
[Result "1/2-1/2"]
[WhiteElo "1726"]
[BlackElo "1871"]
[PlyCount "59"]
[EventDate "2009.??.??"]
[WhiteTeam "SK Gründau"]
[BlackTeam "SC Empor Maulwurf Bonn"]

1. d4 f5 2. g3 Nf6 3. Bg2 g6 4. Nd2 c6 5. e4 d6 6. Ne2 Bg7 7. c3 e5 8. O-O fxe4
9. dxe5 dxe5 10. Nxe4 Qxd1 11. Rxd1 Nxe4 12. Bxe4 Bg4 13. f3 Be6 14. Bg5 Nd7
15. Be3 Nb6 16. b3 O-O 17. Rd6 Rfe8 18. c4 Bf8 19. Rd3 Nd7 20. Rdd1 a5 21. Nc3
Nc5 22. Kg2 a4 23. Bxc5 Bxc5 24. Nxa4 Bd4 25. Rac1 Ra6 26. c5 g5 27. Bd3 Ra5
28. Bc4 h5 29. Re1 Bxc4 30. Rxc4 1/2-1/2

[Event "Frankfurt Ch 2009"]
[Site "Ffm-Kalbach, LAZ"]
[Date "2009.05.18"]
[Round "4.40"]
[White "Seickel, Ralf"]
[Black "Winand, Edgar"]
[Result "0-1"]
[WhiteElo "1722"]
[BlackElo "2055"]
[PlyCount "90"]
[EventDate "2009.??.??"]
[WhiteTeam "vereinslos"]
[BlackTeam "SV Oberursel"]

1. d4 d6 2. e4 g6 3. Nf3 Bg7 4. c3 Nc6 5. Bg5 h6 6. Be3 e5 7. Bd3 a6 8. Na3
Nge7 9. d5 Na7 10. c4 f5 11. Rc1 b6 12. b4 f4 13. Bd2 c6 14. dxc6 Naxc6 15. b5
axb5 16. cxb5 Rxa3 17. bxc6 Rxd3 18. Qa4 Qc7 19. Ke2 b5 20. Qb4 Rxd2+ 21. Kxd2
Qb6 22. Ke2 Nxc6 23. Qd2 Be6 24. Rhd1 Bf8 25. Ke1 Rh7 26. Rc2 Bc4 27. Rb1 Qc5
28. a4 b4 29. Qc1 Na5 30. Nd2 Rc7 31. Qb2 b3 32. Rc3 Qd4 33. Rcc1 d5 34. Qxd4
exd4 35. exd5 Re7+ 36. Kd1 Be2+ 37. Ke1 Bd3+ 38. Kd1 Bxb1 39. Nxb1 Rd7 40. Ke2
Rxd5 41. Kd3 Bg7 42. Ke4 Rf5 43. Na3 d3 44. Kxd3 Rd5+ 45. Ke4 Rd4+ 0-1

[Event "Frankfurt Ch 2009"]
[Site "Ffm-Kalbach, LAZ"]
[Date "2009.05.18"]
[Round "4.41"]
[White "Kretner, Georg-Ulrich"]
[Black "Jaklitsch, Albert"]
[Result "1-0"]
[WhiteElo "1850"]
[BlackElo "1670"]
[PlyCount "79"]
[EventDate "2009.??.??"]
[WhiteTeam "SC Bad Nauheim"]
[BlackTeam "vereinslos"]

1. d4 d5 2. c4 e6 3. Nc3 Nf6 4. Nf3 Be7 5. Bg5 c6 6. e3 Nbd7 7. Bd3 h6 8. Bh4
O-O 9. O-O Re8 10. Ne5 dxc4 11. Nxc4 Nd5 12. Bg3 Nxc3 13. bxc3 Nf6 14. e4 b5
15. Nd2 Bb7 16. e5 Nd5 17. Ne4 f5 18. exf6 Nxf6 19. Nxf6+ Bxf6 20. Qh5 Kf8 21.
Bg6 Re7 22. Qc5 Kg8 23. Be4 Qb6 24. Bd6 Qxc5 25. Bxc5 Rd7 26. Rfe1 Kf7 27. Bf3
Re8 28. Bxa7 e5 29. Bc5 exd4 30. Rxe8 Kxe8 31. Bh5+ Kd8 32. Bb6+ Ke7 33. Re1+
Kd6 34. cxd4 Kd5 35. Bd1 Kc4 36. Bb3+ Kd3 37. Re3+ Kd2 38. Ba5+ Kc1 39. Bc3 Re7
40. Rd3 1-0

[Event "Frankfurt Ch 2009"]
[Site "Ffm-Kalbach, LAZ"]
[Date "2009.05.18"]
[Round "4.42"]
[White "Petri, Igor"]
[Black "Becker, Günter"]
[Result "1-0"]
[WhiteElo "1818"]
[BlackElo "1811"]
[PlyCount "91"]
[EventDate "2009.??.??"]
[WhiteTeam "TuS Makkabi Ffm"]
[BlackTeam "SC Steinbach"]

1. f4 c6 2. Nf3 d5 3. e3 g6 4. d4 Bg7 5. Bd3 Nh6 6. O-O O-O 7. c3 Bf5 8. Be2
Nd7 9. h3 f6 10. c4 e6 11. Nc3 Nf7 12. g4 Be4 13. Nd2 f5 14. g5 Qc7 15. Ndxe4
dxe4 16. h4 Rad8 17. Bd2 a6 18. c5 Rfe8 19. b4 h6 20. Qe1 Nf8 21. Rf2 Rd7 22.
Rg2 hxg5 23. hxg5 Red8 24. Bc4 Re7 25. Na4 Nd7 26. Bc3 b5 27. cxb6 Nxb6 28.
Nxb6 Qxb6 29. Bb3 Nd6 30. a4 Ne8 31. Rh2 Nc7 32. Bc4 Nd5 33. Bxd5 cxd5 34. b5
Rc8 35. Bb4 Rec7 36. Ba5 Qa7 37. Bxc7 Qxc7 38. Rb2 Qc4 39. b6 Bxd4 40. b7 Bxb2
41. bxc8=Q+ Qxc8 42. Rb1 Qc2 43. Qd1 Qc3 44. Qe2 d4 45. Rxb2 Qc1+ 46. Kg2 1-0

[Event "Frankfurt Ch 2009"]
[Site "Ffm-Kalbach, LAZ"]
[Date "2009.05.18"]
[Round "4.43"]
[White "Schreyer, Alois"]
[Black "Wilhelm, Andreas"]
[Result "1-0"]
[WhiteElo "2113"]
[BlackElo "1541"]
[PlyCount "35"]
[EventDate "2009.??.??"]
[WhiteTeam "SC Steinbach"]
[BlackTeam "SC 1933 Somborn"]

1. e4 c6 2. d4 d5 3. f3 dxe4 4. fxe4 e5 5. Nf3 exd4 6. Bc4 Be7 7. O-O Nf6 8.
Ng5 O-O 9. Nxf7 Rxf7 10. Bxf7+ Kxf7 11. e5 Bg4 12. Qxg4 Qb6 13. exf6 Bxf6 14.
Na3 Na6 15. Kh1 Re8 16. Nc4 Qc7 17. Bf4 Re4 18. Qh5+ 1-0

[Event "Frankfurt Ch 2009"]
[Site "Ffm-Kalbach, LAZ"]
[Date "2009.05.18"]
[Round "4.44"]
[White "Fröhlich-Dill, Astrid"]
[Black "Riha, Peter"]
[Result "0-1"]
[WhiteElo "1976"]
[BlackElo "1815"]
[PlyCount "100"]
[EventDate "2009.??.??"]
[WhiteTeam "SV 1920 Hofheim"]
[BlackTeam "SC Bergen-Enkheim 1922"]

1. d4 Nf6 2. c4 g6 3. Nc3 d5 4. cxd5 Nxd5 5. e4 Nxc3 6. bxc3 Bg7 7. Bc4 c5 8.
Ne2 O-O 9. O-O Nc6 10. Be3 Qc7 11. Rc1 Rd8 12. Bd3 b6 13. Qc2 Bb7 14. e5 e6 15.
Bg5 Rd7 16. f4 Ne7 17. Bxe7 Rxe7 18. Be4 Bxe4 19. Qxe4 Qb7 20. Qe3 Rc8 21. c4
cxd4 22. Nxd4 Rd7 23. Nb5 Bf8 24. Qe2 a6 25. Nc3 Rd4 26. Nb1 Qc6 27. Nd2 Bb4
28. Rfd1 Rxf4 29. Nf3 Rxc4 30. Rxc4 Qxc4 31. Qxc4 Rxc4 32. Rd8+ Kg7 33. Rd7 h6
34. Kf1 Rc1+ 35. Ke2 Rc2+ 36. Kf1 Rxa2 37. Nd4 Ra1+ 38. Ke2 Re1+ 39. Kd3 Rxe5
40. Nc6 Rb5 41. Nd8 Rd5+ 42. Rxd5 exd5 43. Kd4 f5 44. Kxd5 Kf6 45. Nc6 Bc5 46.
Nb8 a5 47. Nd7+ Kg5 48. Ne5 a4 49. Kc4 a3 50. Kb3 f4 0-1

[Event "Frankfurt Ch 2009"]
[Site "Ffm-Kalbach, LAZ"]
[Date "2009.05.18"]
[Round "4.45"]
[White "Hillgaertner, Walter"]
[Black "Abrahamyan, Arsen"]
[Result "1-0"]
[WhiteElo "1976"]
[BlackElo "1415"]
[PlyCount "91"]
[EventDate "2009.??.??"]
[WhiteTeam "SC Bad Nauheim"]
[BlackTeam "Frankfurter TV 1860"]

1. Nf3 Nf6 2. c4 d6 3. Nc3 Nbd7 4. d4 e5 5. e4 g6 6. Be2 Bg7 7. Bg5 O-O 8. O-O
Qe7 9. Nd5 Qd8 10. dxe5 dxe5 11. Qc2 c6 12. Nxf6+ Bxf6 13. Be3 Qe7 14. Rad1 Rd8
15. Rd2 Nf8 16. Rfd1 Bg4 17. Qa4 Bxf3 18. Bxf3 Bg5 19. Rxd8 Rxd8 20. Rxd8 Qxd8
21. Qxa7 Bxe3 22. Qxe3 Qa5 23. a3 Ne6 24. g3 Nd4 25. b4 Qa6 26. c5 Nc2 27. Qc3
Nd4 28. Kg2 Kg7 29. h4 Qa8 30. Bg4 h5 31. Bd1 Qd8 32. Bb3 Qd7 33. Bc4 Qg4 34.
f3 Qd7 35. a4 f6 36. Qd3 Qe7 37. Ba2 b5 38. axb5 cxb5 39. Qa3 Qd7 40. Qa8 Ne6
41. Bd5 Kf7 42. Qh8 Ke7 43. Qg8 Nd8 44. Qg7+ Ke8 45. Qxg6+ Nf7 46. Qg8+ 1-0

[Event "Frankfurt Ch 2009"]
[Site "Ffm-Kalbach, LAZ"]
[Date "2009.05.18"]
[Round "4.47"]
[White "Schneider, Uwe"]
[Black "Dages, Rolf Hermann"]
[Result "1-0"]
[WhiteElo "2010"]
[BlackElo "1537"]
[PlyCount "120"]
[EventDate "2009.??.??"]
[WhiteTeam "SV Kinzigtal"]
[BlackTeam "SC Eschborn 1974"]

1. d4 Nf6 2. c4 e5 3. dxe5 Ng4 4. Bf4 Nc6 5. Nf3 Bb4+ 6. Nbd2 Qe7 7. a3 Bc5 8.
e3 a5 9. Be2 O-O 10. Bg5 Qe8 11. Ne4 Ba7 12. Nc3 Ngxe5 13. Nxe5 Nxe5 14. Nd5
Bb8 15. c5 f6 16. Bf4 Kh8 17. O-O a4 18. Bg3 c6 19. Nb6 Ra7 20. Nxa4 Qe7 21.
Qd4 Ra5 22. Rfd1 Bc7 23. b3 Rd8 24. Qc3 d5 25. Qc2 Ra8 26. Rd4 Nf7 27. Bxc7
Qxc7 28. Nc3 g6 29. a4 Bf5 30. Bd3 Nh6 31. Ne2 Qe5 32. Rd1 Ng4 33. Bxf5 Qxh2+
34. Kf1 Qh1+ 35. Ng1 Nh2+ 36. Ke2 Qxg2 37. Rh4 Kg7 38. Rxh2 Qxh2 39. Nf3 Qh5
40. Rg1 d4 41. Bg4 d3+ 42. Qxd3 Rxd3 43. Bxh5 Rxb3 44. Nd4 Rb2+ 45. Kd3 Rxa4
46. Be2 Kf7 47. Kc3 Rba2 48. Bc4+ Ke7 49. Bxa2 Rxa2 50. Rb1 Ra7 51. f4 h5 52.
Rb2 Kf7 53. e4 g5 54. fxg5 fxg5 55. e5 g4 56. e6+ Ke7 57. Re2 Ra3+ 58. Kb4 Rd3
59. Nf5+ Ke8 60. e7 h4 1-0

[Event "Frankfurt Ch 2009"]
[Site "Ffm-Kalbach, LAZ"]
[Date "2009.05.18"]
[Round "4.48"]
[White "Jordake, Michael"]
[Black "Bagatsch, Thomas"]
[Result "0-1"]
[WhiteElo "1640"]
[BlackElo "2123"]
[PlyCount "46"]
[EventDate "2009.??.??"]
[WhiteTeam "SC Bergen-Enkheim 1922"]
[BlackTeam "SC Brett vor'm Kopp Ffm"]

1. e4 e5 2. Nc3 Bc5 3. g3 d6 4. Bg2 Nc6 5. Na4 Nf6 6. h3 O-O 7. Ne2 Be6 8. O-O
Qd7 9. Nxc5 dxc5 10. Kh2 Rad8 11. d3 c4 12. f4 cxd3 13. cxd3 Qxd3 14. Qxd3 Rxd3
15. f5 Bc4 16. b3 Ba6 17. Re1 Nb4 18. Ba3 Nc2 19. Bxf8 Kxf8 20. Kg1 Nxa1 21.
Rxa1 Re3 22. Nc1 Nxe4 23. Bxe4 Rxe4 0-1

[Event "Frankfurt Ch 2009"]
[Site "Ffm-Kalbach, LAZ"]
[Date "2009.05.18"]
[Round "4.49"]
[White "Faqiry, Ramat"]
[Black "Smith-Meyer, Geir"]
[Result "1-0"]
[WhiteElo "1974"]
[BlackElo "1627"]
[PlyCount "79"]
[EventDate "2009.??.??"]
[WhiteTeam "SK Bad Homburg 1927"]
[BlackTeam "SC Bad Soden"]

1. d4 Nf6 2. c4 c5 3. d5 b5 4. cxb5 a6 5. Nc3 g6 6. e4 d6 7. Nf3 Bg7 8. Bc4 O-O
9. O-O axb5 10. Bxb5 Ba6 11. Re1 Bxb5 12. Nxb5 Ng4 13. h3 Ne5 14. Nxe5 Bxe5 15.
Nc3 Nd7 16. f4 Bg7 17. Be3 Qa5 18. Qc2 c4 19. a3 Nc5 20. Bxc5 Qxc5+ 21. Kh2
Rab8 22. Rab1 Rb3 23. Na2 Rfb8 24. Nb4 g5 25. Na6 Qc8 26. Nxb8 g4 27. Nc6 Qd7
28. Qxc4 Rb7 29. f5 gxh3 30. g4 Qe8 31. Kxh3 f6 32. b4 h5 33. Qe2 Bh6 34. gxh5
e6 35. Rg1+ Kh7 36. fxe6 Qa8 37. Rb3 Qe8 38. Qg4 Bg5 39. Qf5+ Kh8 40. Qg6 1-0

[Event "Frankfurt Ch 2009"]
[Site "Ffm-Kalbach, LAZ"]
[Date "2009.05.18"]
[Round "4.50"]
[White "Thomele, Michael"]
[Black "Milde, Dieter"]
[Result "0-1"]
[WhiteElo "1885"]
[BlackElo "1625"]
[PlyCount "120"]
[EventDate "2009.??.??"]
[WhiteTeam "SC 1959 Obernau"]
[BlackTeam "Bad Vilbeler Sfr.1985"]

1. e4 e6 2. d4 d5 3. Nc3 dxe4 4. Nxe4 Bd7 5. Nf3 Bc6 6. Bd3 Nd7 7. Be3 Ngf6 8.
Nxf6+ Nxf6 9. O-O Bd6 10. Ne5 Bxe5 11. dxe5 Qd5 12. f3 Qxe5 13. Qc1 Nd5 14. Bf2
Nf4 15. Bg3 Qc5+ 16. Bf2 Nxd3 17. Bxc5 Nxc1 18. Raxc1 O-O-O 19. Be3 e5 20. c4
a6 21. Rfe1 Rhe8 22. b4 f6 23. Rc3 e4 24. f4 Rd3 25. Rxd3 exd3 26. Kf2 Ba4 27.
Kf3 f5 28. c5 Kd7 29. Rg1 Kc6 30. g4 fxg4+ 31. Kf2 h5 32. h3 gxh3 33. Rh1 Bb5
34. Rxh3 g6 35. Rg3 Re6 36. Ke1 Kd5 37. Kd2 Ke4 38. Rh3 Bd7 39. Rh4 Kf3 40.
Rh3+ Kg4 41. Rh1 Kf3 42. Rf1+ Ke4 43. f5 gxf5 44. Rf4+ Ke5 45. Kxd3 Kf6 46. Rh4
Kg6 47. Rd4 Bb5+ 48. Kd2 Re4 49. Rd8 Rxb4 50. Kc3 Rc4+ 51. Kd2 f4 52. Bf2 Ra4
53. Kc3 Rxa2 54. Bd4 Ra3+ 55. Kb2 Rd3 56. Rg8+ Kf5 57. Bg1 f3 58. Kc2 Rd5 59.
Bf2 a5 60. Rf8+ Ke4 0-1

[Event "Frankfurt Ch 2009"]
[Site "Ffm-Kalbach, LAZ"]
[Date "2009.05.18"]
[Round "4.53"]
[White "Ostermeier, Thorsten"]
[Black "Schirmbeck, Markus"]
[Result "1-0"]
[WhiteElo "1971"]
[BlackElo "1562"]
[PlyCount "31"]
[EventDate "2009.??.??"]
[WhiteTeam "Sfr. Frankfurt 1921"]
[BlackTeam "SG Halle 1946/Künsebeck"]

1. d4 Nf6 2. Nf3 d5 3. e3 e6 4. Nbd2 c5 5. c3 Nc6 6. Bd3 Bd6 7. O-O e5 8. dxe5
Nxe5 9. Nxe5 Bxe5 10. e4 O-O 11. exd5 Qxd5 12. Nf3 Bg4 13. Be2 Rfd8 14. Qxd5
Rxd5 15. h3 Bf5 16. c4 1-0

[Event "Frankfurt Ch 2009"]
[Site "Ffm-Kalbach, LAZ"]
[Date "2009.05.18"]
[Round "4.54"]
[White "Schellen, Sven"]
[Black "Bastian, Holger"]
[Result "0-1"]
[WhiteElo "1556"]
[BlackElo "1774"]
[PlyCount "56"]
[EventDate "2009.??.??"]
[WhiteTeam "Sfr. Frankfurt 1921"]
[BlackTeam "SC S.-W. Schweinheim"]

1. Nc3 Nf6 2. e4 d6 3. d4 g6 4. Bc4 Bg7 5. Nge2 O-O 6. f3 c5 7. Be3 cxd4 8.
Nxd4 Nc6 9. Nce2 Ne5 10. Bb3 d5 11. Bf4 Qd6 12. Nb5 Qb4+ 13. Nec3 Nc4 14. Bxc4
dxc4 15. Kf2 Nh5 16. a3 Qa5 17. Bc7 Qa6 18. e5 Nf4 19. Qd4 Ne6 20. Qxc4 Bd7 21.
Qb4 Bxb5 22. Nxb5 Rac8 23. Bb8 Rxc2+ 24. Kg3 Rxb8 25. Nc3 Bxe5+ 26. Kh4 Nf4 27.
Ne4 Nxg2+ 28. Kg5 Qe6 0-1

[Event "Frankfurt Ch 2009"]
[Site "Ffm-Kalbach, LAZ"]
[Date "2009.05.18"]
[Round "4.56"]
[White "Khalimov, Khayot"]
[Black "Kletzerman, Simon"]
[Result "1-0"]
[WhiteElo "1758"]
[BlackElo "1544"]
[PlyCount "123"]
[EventDate "2009.??.??"]
[WhiteTeam "SVG Eppstein 1932"]
[BlackTeam "TuS Makkabi Ffm"]

1. e4 c5 2. Qe2 Nc6 3. Nf3 g6 4. g3 Bg7 5. Bg2 e6 6. O-O Nge7 7. Nc3 a6 8. d3
O-O 9. Bg5 h6 10. Be3 b6 11. Qd2 Kh7 12. h4 Ng8 13. e5 Rb8 14. d4 cxd4 15. Bxd4
Nxd4 16. Qxd4 Ne7 17. Ne4 Nc6 18. Qc3 Ne7 19. Rad1 Nd5 20. Qa3 Qc7 21. Nf6+ Kh8
22. Nxd5 exd5 23. Rxd5 Bb7 24. Rd2 a5 25. Rfd1 Bc6 26. c3 Rfe8 27. Qb3 Re7 28.
Qc2 Qb7 29. Qd3 Rbe8 30. b4 Be4 31. Ne1 Bxg2 32. Nxg2 Bxe5 33. a3 Rc8 34. c4
Kg7 35. Ne3 Rd8 36. Qd5 Qa7 37. Qb5 Bc3 38. Rd6 axb4 39. axb4 Qa3 40. Qxb6 Ra8
41. Nd5 Re6 42. Nxc3 Qxc3 43. Qd4+ Qxd4 44. R6xd4 d6 45. Rxd6 Rxd6 46. Rxd6 Ra4
47. Rb6 Kf8 48. Rb7 Ke8 49. c5 Kd8 50. b5 f5 51. b6 Rc4 52. Rc7 Rb4 53. Rc6 Rb5
54. Kf1 g5 55. h5 Kd7 56. Rc7+ Kd8 57. Ke2 Rb2+ 58. Ke3 Rb3+ 59. Kd4 Rb2 60.
Kd5 Rxf2 61. Kc6 Re2 62. Rd7+ 1-0

[Event "Frankfurt Ch 2009"]
[Site "Ffm-Kalbach, LAZ"]
[Date "2009.05.18"]
[Round "4.57"]
[White "Steiz, Johann"]
[Black "Enders, Georg"]
[Result "0-1"]
[WhiteElo "1497"]
[BlackElo "2011"]
[PlyCount "87"]
[EventDate "2009.??.??"]
[WhiteTeam "ESV Grossenbaum e.V. 1973"]
[BlackTeam "SC Nidderau"]

1. e4 e5 2. Nf3 Nf6 3. d4 Nxe4 4. dxe5 d6 5. Qd5 Nc5 6. Bf4 Be6 7. Qd4 Nc6 8.
Bb5 Bd7 9. Qe3 Ne6 10. exd6 cxd6 11. O-O Be7 12. Bg3 O-O 13. Nc3 a6 14. Bd3 Nc5
15. Rad1 Nxd3 16. Qxd3 Bg4 17. Bxd6 Bxd6 18. Qxd6 Bxf3 19. Qxd8 Raxd8 20. gxf3
Nd4 21. Rc1 Nxf3+ 22. Kg2 Nd4 23. Rfd1 Rfe8 24. Rd2 Rd6 25. Rcd1 Rg6+ 26. Kh1
Nf3 27. Rd3 Ne5 28. Rd8 Kf8 29. Rxe8+ Kxe8 30. Ne4 Ke7 31. b3 b6 32. c4 Ng4 33.
f3 Ne5 34. f4 Nf3 35. Rf1 Nd4 36. f5 Rh6 37. Kg2 f6 38. Rf2 Rh4 39. Nc3 Kd6 40.
Kg3 Rh5 41. Kg4 Rg5+ 42. Kh4 Rxf5 43. Rd2 Ke5 44. Nd5 0-1

[Event "Frankfurt Ch 2009"]
[Site "Ffm-Kalbach, LAZ"]
[Date "2009.05.18"]
[Round "4.58"]
[White "Plattner, Rolf"]
[Black "Mager, Denis"]
[Result "0-1"]
[WhiteElo "1932"]
[BlackElo "1467"]
[PlyCount "56"]
[EventDate "2009.??.??"]
[WhiteTeam "SK Langen"]
[BlackTeam "TuS Makkabi Ffm"]

1. Nf3 d5 2. d4 Nc6 3. Bf4 Nf6 4. e3 Bf5 5. c3 e6 6. Nbd2 Bd6 7. Ne5 Bxe5 8.
dxe5 Nd7 9. Nf3 Bg4 10. Bb5 O-O 11. Bxc6 bxc6 12. h3 Bh5 13. g4 Bg6 14. Qe2 Nc5
15. Rd1 h6 16. Nd4 Qd7 17. h4 f6 18. g5 fxe5 19. Bxe5 h5 20. f3 Na4 21. Rd2 c5
22. Nb3 c4 23. Nd4 c5 24. Nc2 Nxb2 25. O-O Bd3 26. Qg2 Bxf1 27. Kxf1 Nd3 28.
Ne1 Nxe5 0-1

[Event "Frankfurt Ch 2009"]
[Site "Ffm-Kalbach, LAZ"]
[Date "2009.05.18"]
[Round "4.59"]
[White "Neuhaus, Joachim"]
[Black "Ickert, Bernd"]
[Result "1/2-1/2"]
[WhiteElo "1345"]
[BlackElo "1732"]
[PlyCount "92"]
[EventDate "2009.??.??"]
[WhiteTeam "SC 1933 Somborn"]
[BlackTeam "SC Matt im Park Ffm"]

1. e4 e6 2. d4 d5 3. e5 c5 4. c3 Nc6 5. Nf3 Qb6 6. a3 cxd4 7. cxd4 Nge7 8. Bd3
Bd7 9. Bc2 Rc8 10. b4 Nf5 11. Bb2 a5 12. Nc3 axb4 13. Na4 Qa7 14. Bxf5 exf5 15.
axb4 Bxb4+ 16. Bc3 Qb8 17. Qb3 Bxc3+ 18. Nxc3 Be6 19. Rb1 O-O 20. O-O g5 21.
Rfd1 g4 22. Nh4 Kg7 23. Nb5 Na5 24. Qb4 Nc4 25. Qe7 Rce8 26. Qf6+ Kg8 27. Nxf5
Bxf5 28. Qxf5 Qc8 29. Qg5+ Kh8 30. Qf6+ Kg8 31. Rdc1 Re6 32. Qg5+ Rg6 33. Qe7
Qf5 34. Nd6 Qd3 35. Rd1 Qe2 36. Qxb7 Nxd6 37. exd6 Rxd6 38. Re1 Qc4 39. Qe7 Qc6
40. Re5 Re6 41. Qg5+ Rg6 42. Qh5 Qc2 43. Rbe1 Qd2 44. Qf5 Qxd4 45. Rxd5 Qb4 46.
Red1 Re8 1/2-1/2